El enigma Wojtyla / (Record n. 22500)
[ formato base ]
| 000 -LEADER | |
|---|---|
| fixed length control field | 00763nam a2200241 i 4500 |
| 003 - CONTROL NUMBER IDENTIFIER | |
| control field | IT-RoINE |
| 005 - DATE AND TIME OF LATEST TRANSACTION | |
| control field | 20180209073005.0 |
| 008 - FIXED-LENGTH DATA ELEMENTS--GENERAL INFORMATION | |
| fixed length control field | 880908s1985 sp r 001 |dspa d |
| 020 ## - INTERNATIONAL STANDARD BOOK NUMBER | |
| International Standard Book Number | 8486459001 |
| 040 ## - CATALOGING SOURCE | |
| Original cataloging agency | IBH |
| Language of cataloging | spa |
| Transcribing agency | SpMaBN IT-RoINE |
| Modifying agency | IT-RoINE |
| 100 1# - MAIN ENTRY--PERSONAL NAME | |
| Personal name | Arias, Juan, |
| Dates associated with a name | 1932- |
| 9 (RLIN) | 35135 |
| 245 13 - TITLE STATEMENT | |
| Title | El enigma Wojtyla / |
| Statement of responsibility, etc | Juan Arias ; prólogo de Leonardo Sciascia. |
| 260 ## - PUBLICATION, DISTRIBUTION, ETC. (IMPRINT) | |
| Place of publication, distribution, etc | Madrid : |
| Name of publisher, distributor, etc | El País, |
| Date of publication, distribution, etc | 1985. |
| 300 ## - PHYSICAL DESCRIPTION | |
| Extent | 413 p. |
| Dimensions | 20 cm. |
| 336 ## - CONTENT TYPE | |
| Source | rdacontent |
| Content type term | text |
| 337 ## - MEDIA TYPE | |
| Source | rdamedia |
| Media type term | unmediated |
| 338 ## - CARRIER TYPE | |
| Source | rdacarrier |
| Carrier type term | volume |
| 490 1# - SERIES STATEMENT | |
| Series statement | A cinco columnas ; |
| Volume number/sequential designation | 7 |
| 600 04 - SUBJECT ADDED ENTRY--PERSONAL NAME | |
| Personal name | Juan Pablo |
| Numeration | II, |
| Titles and other words associated with a name | Papa, Santo, |
| 9 (RLIN) | 2834 |
| Dates associated with a name | 1920-2005 |
| 700 1# - ADDED ENTRY--PERSONAL NAME | |
| Personal name | Sciascia, Leonardo, |
| Dates associated with a name | 1921-1989 |
| 9 (RLIN) | 44371 |
| 830 #0 - SERIES ADDED ENTRY--UNIFORM TITLE | |
| Uniform title | A cinco columnas ; |
| 9 (RLIN) | 44372 |
| Volume number/sequential designation | 7 |
| 942 ## - ADDED ENTRY ELEMENTS (KOHA) | |
| Item type | Monografías |
| Withdrawn status | Lost status | Damaged status | Not for loan | Home library | Current library | Date acquired | Total Checkouts | Full call number | Barcode | Date last seen | Price effective from | Koha item type |
|---|---|---|---|---|---|---|---|---|---|---|---|---|
| Iglesia Nacional Española en Roma | Iglesia Nacional Española en Roma | 09/02/2018 | NOVALÍN 285 | NOV-0292 | 09/02/2018 | 09/02/2018 | Monografías |